| 000 | 00954nam a2200229Ia 4500 | ||
|---|---|---|---|
| 003 | GCL | ||
| 008 | 140319s9999 xx 000 0 ara d | ||
| 040 |
_aGCL / _cGCL |
||
| 082 | 0 | 4 |
_a370.7122 _bم ح |
| 100 | 1 | _aالمجلس العربى للطفولة والتنمية | |
| 245 | 1 | 0 |
_aالحلقة البحثية: الرعاية النهارية لطفل ما قبل المدرسة فى المجتمع(منظور جديد)3.2 يوليو1991 القاهرة / _cالمجلس العربى للطفولة والتنمية |
| 700 | 1 | _aمعهد التنمية الادارية بالجامعة | |
| 700 | 1 | _aمركز المساندة الدولى- مؤسسة ها | |
| 260 |
_a[S.N] : _bالمجلس العربى للطفولة والتنمية ، _c1991 |
||
| 300 | _a95 ص | ||
| 490 | _a | ||
| 650 | 0 | 4 | _aالمجتمع |
| 650 | 0 | 4 | _aالاطفال |
| 650 | 0 | 4 | _aرعاية الطفل |
| 650 | 0 | 4 | _aالعناية الصحية |
| 942 |
_2ddc _cBK |
||
| 999 |
_c56056 _d56056 |
||